| 000 | 01044nam a22002657a 4500 | ||
|---|---|---|---|
| 005 | 20170123164153.0 | ||
| 010 | _aB-081169 | ||
| 020 |
_c200.00 _a8178830523 |
||
| 035 | _aB-081169 | ||
| 037 | _bCen Lib/Ret | ||
| 040 |
_aDPL _bEN |
||
| 082 |
_a070.4 _bਭੁੱਲਰ |
||
| 100 |
_aਭੁੱਲਰ, ਗੁਰਬਚਨ ਸਿੰਘ _9136112 |
||
| 245 |
_aਕਲਮ-ਕਟਾਰ / _cਗੁਰਬਚਨ ਸਿੰਘ ਭੁੱਲਰ |
||
| 246 |
_aliterary journalism / _bby Gurbhachan Singh Bhullar |
||
| 260 |
_aਲੁਧਿਆਣਾ _bਚੇਤਨਾ ਪ੍ਰਕਾਸ਼ਨ _c2002 |
||
| 270 |
_aਪੰਜਾਬੀ ਭਵਨ _bਲੁਧਿਆਣਾ |
||
| 300 |
_a231p. _c21cm(Hb) |
||
| 500 | _aIncludes bibliographical references and index | ||
| 650 |
_aEditorials -- India -- Punjab. _9128017 |
||
| 650 |
_aEditorials. _938101 |
||
| 650 |
_aਸੰਪਾਦਕੀਯ _9136113 |
||
| 650 |
_aਸੰਪਾਦਕੀਯ -- ਇੰਡੀਆ -- ਪੰਜਾਬ _9136114 |
||
| 942 |
_2ddc _cEN _h070.4 _mਭੁੱਲਰ |
||
| 999 |
_c110481 _d110481 |
||